| 000 | 00633nam a2200217 a 4500 | ||
|---|---|---|---|
| 001 | 52785 | ||
| 003 | AR-BaAGN | ||
| 005 | 20240604152433.0 | ||
| 007 | ta | ||
| 008 | s1998 ag |||||r|||| ||| ||spa d | ||
| 040 |
_aAR-BaAGN _bspa _eaacr |
||
| 100 | 1 |
_aPalombo, Guillermo, _d1953- _97094 |
|
| 245 | 1 | 0 |
_aLa colección Zeballos / _cGuillermo Palombo. |
| 260 |
_aBuenos Aires : _bDunken, _c1998. |
||
| 300 | _apáginas 69-75 | ||
| 336 |
_btxt _2rdacontent |
||
| 337 |
_bn _2rdamedia |
||
| 338 |
_bnc _2rdacarrier |
||
| 580 | _aSeparata de: Sociedad de Estudios Bibliográficos Argentinos. Boletín 5 (abril 1998) | ||
| 942 | _cSEPARATA | ||
| 999 |
_c52785 _d52785 |
||